00585nam a2200205Ia 4500008004100000050001200041050001500053100003500068245004200103245003400145260003100179260001000210260001000220300001600230300002000246300001100266500005600277521002700333999001900360170504s9999 xx 000 0 und d aT 58.6  b.H557 2016 aHernandez, Ferdnand Charles P. aHelplabs medical information system / cFernand Charles P. Hernandez. aLas Piñas, Philippines : bSISC, c2016. a160 pages : billustrations ; c28 cm. aIncludes bibliographical references and appendices. aInformation Technology c329760d329760